00405nam a2200157 a 45000010005000000030009000050080041000140400028000550820016000831000018000992450029001172600041001463000014001874900016002016500030002171290CO-ViMGA141112s2004 ck r 000 u spa d aCO-ViMGAbspacCO-ViMGA04a927.5 K245n1 aNeret, Gilles10aGustav Klimt 1862 - 1918 aColonia : bBenedict Taschen, c1993 a96 p : il aTaschem, 3614aGILLES, NERET 1862 - 1918